C++ programming : from problem analysis to program design (Record no. 15)
[ view plain ]
| 000 -LEADER | |
|---|---|
| fixed length control field | 01494nam a22002417a 4500 |
| 003 - CONTROL NUMBER IDENTIFIER | |
| control field | OSt |
| 005 - DATE AND TIME OF LATEST TRANSACTION | |
| control field | 20220308154205.0 |
| 008 - FIXED-LENGTH DATA ELEMENTS--GENERAL INFORMATION | |
| fixed length control field | 110819t xxu||||| |||| 00| 0 eng d |
| 020 ## - INTERNATIONAL STANDARD BOOK NUMBER | |
| International Standard Book Number | 9781418836399 |
| 020 ## - INTERNATIONAL STANDARD BOOK NUMBER | |
| International Standard Book Number | 1418836397 |
| 040 ## - CATALOGING SOURCE | |
| Transcribing agency | LC |
| 050 ## - LIBRARY OF CONGRESS CALL NUMBER | |
| Classification number | QA76.73.C153M11 |
| 100 ## - MAIN ENTRY--PERSONAL NAME | |
| Personal name | Malik D.S. |
| 245 ## - TITLE STATEMENT | |
| Title | C++ programming : from problem analysis to program design |
| Statement of responsibility, etc. | D.S. Malik |
| 250 ## - EDITION STATEMENT | |
| Edition statement | 3rd ed |
| 260 ## - PUBLICATION, DISTRIBUTION, ETC. | |
| Place of publication, distribution, etc. | Boston, MA |
| Name of publisher, distributor, etc. | Thomson Course Technology |
| Date of publication, distribution, etc. | 2007 |
| 300 ## - PHYSICAL DESCRIPTION | |
| Extent | xxxix, 1344 p. |
| Other physical details | col. ill. |
| Dimensions | 23 cm |
| 500 ## - GENERAL NOTE | |
| General note | Includes index. |
| 505 ## - FORMATTED CONTENTS NOTE | |
| Formatted contents note | Contents: An overview of computers and programming languages -- Basic elements of C++ -- Input/output -- Control structures I (selection) -- Control structures II (Repetition) -- User-defined Function I --User-defined Function II -- User-defined simple data types, namespaces, and the string type -- Arrays and Strings -- Application of arrays (searching and sorting) and the vector type --Records (structs) -- Classes and data abstractions -- Inheritance and compositions -- Pointers, Classes, virtual functions, and abstract classes -- Overloading and Templates -- Exception handling -- Recursion -- Linked Lists -- Stacks and queues |
| 520 ## - SUMMARY, ETC. | |
| Summary, etc. | Summary: Written for the students, this book uses problem solving to offer coverage of introductory C++ programming topics and then moves on to more advanced concepts. It contains numerous explanations and examples |
| 650 ## - SUBJECT ADDED ENTRY--TOPICAL TERM | |
| Topical term or geographic name entry element | C++ (Computer program language) |
| 942 ## - ADDED ENTRY ELEMENTS (KOHA) | |
| Source of classification or shelving scheme | Dewey Decimal Classification |
| Koha item type | Books |
| Withdrawn status | Lost status | Source of classification or shelving scheme | Damaged status | Not for loan | Home library | Current library | Shelving location | Date acquired | Total Checkouts | Full call number | Barcode | Date last seen | Copy number | Price effective from | Koha item type | Date last checked out |
|---|---|---|---|---|---|---|---|---|---|---|---|---|---|---|---|---|
| Library of Congress Classification | WISCONSIN INTERNATIONAL UNIVERSITY COLLEGE, GHANA - MAIN LIBRARY | WISCONSIN INTERNATIONAL UNIVERSITY COLLEGE, GHANA - MAIN LIBRARY | General Stacks | 19/08/2011 | QA76.73.C153M11 | 020/11 | 19/08/2011 | 1 | 19/08/2011 | Books | ||||||
| Library of Congress Classification | WISCONSIN INTERNATIONAL UNIVERSITY COLLEGE, GHANA - MAIN LIBRARY | WISCONSIN INTERNATIONAL UNIVERSITY COLLEGE, GHANA - MAIN LIBRARY | General Stacks | 19/08/2011 | QA76.73.C153M111 | 021/11 | 19/08/2011 | 2 | 19/08/2011 | Books | ||||||
| Library of Congress Classification | WISCONSIN INTERNATIONAL UNIVERSITY COLLEGE, GHANA - MAIN LIBRARY | WISCONSIN INTERNATIONAL UNIVERSITY COLLEGE, GHANA - MAIN LIBRARY | General Stacks | 19/08/2011 | QA76.73.C153M112 | 022/11 | 19/08/2011 | 3 | 19/08/2011 | Books | ||||||
| Library of Congress Classification | WISCONSIN INTERNATIONAL UNIVERSITY COLLEGE, GHANA - MAIN LIBRARY | WISCONSIN INTERNATIONAL UNIVERSITY COLLEGE, GHANA - MAIN LIBRARY | General Stacks | 19/08/2011 | QA76.73.C153M113 | 023/11 | 19/08/2011 | 4 | 19/08/2011 | Books | ||||||
| Library of Congress Classification | WISCONSIN INTERNATIONAL UNIVERSITY COLLEGE, GHANA - MAIN LIBRARY | WISCONSIN INTERNATIONAL UNIVERSITY COLLEGE, GHANA - MAIN LIBRARY | General Stacks | 19/08/2011 | QA76.73.C153M114 | 024/11 | 19/08/2011 | 5 | 19/08/2011 | Books | ||||||
| Library of Congress Classification | WISCONSIN INTERNATIONAL UNIVERSITY COLLEGE, GHANA - MAIN LIBRARY | WISCONSIN INTERNATIONAL UNIVERSITY COLLEGE, GHANA - MAIN LIBRARY | General Stacks | 02/09/2011 | QA76.73.C153M115 | 181/11 | 02/09/2011 | 6 | 02/09/2011 | Books | ||||||
| Library of Congress Classification | WISCONSIN INTERNATIONAL UNIVERSITY COLLEGE, GHANA KUMASI LIBRARY | WISCONSIN INTERNATIONAL UNIVERSITY COLLEGE, GHANA KUMASI LIBRARY | General Stacks | 14/11/2019 | 1 | QA76.73.C153.M11(3e) | K/2248/2248/19 | 11/10/2024 | 1 | 02/09/2011 | Books | 09/10/2024 | ||||
| Library of Congress Classification | WISCONSIN INTERNATIONAL UNIVERSITY COLLEGE, GHANA KUMASI LIBRARY | WISCONSIN INTERNATIONAL UNIVERSITY COLLEGE, GHANA KUMASI LIBRARY | General Stacks | 14/11/2019 | QA76.73.C153.M111(3e) | K/2249/2249/19 | 08/03/2022 | 2 | 02/09/2011 | Books |
